Library Banner

Bisexualities and AIDS : (Record no. 108643)

MARC details
000 -LEADER
fixed length control field 00680pam a2200217 a 4500
001 - CONTROL NUMBER
control field 1161666
005 - DATE AND TIME OF LATEST TRANSACTION
control field 20181027111408.0
008 - FIXED-LENGTH DATA ELEMENTS--GENERAL INFORMATION
fixed length control field 960314s1996 pau b 001 0 eng
020 ## - INTERNATIONAL STANDARD BOOK NUMBER
International Standard Book Number 0748403930 (alk. paper)
020 ## - INTERNATIONAL STANDARD BOOK NUMBER
International Standard Book Number 0748403949 (pbk. : alk. paper)
040 ## - CATALOGING SOURCE
Transcribing agency PK-LaUMT
082 00 - DEWEY DECIMAL CLASSIFICATION NUMBER
Classification number 616.9792
Edition number 20
Item number BIS-
245 00 - TITLE STATEMENT
Title Bisexualities and AIDS :
Remainder of title international perspectives /
Statement of responsibility, etc edited by Peter Aggleton
260 ## - PUBLICATION, DISTRIBUTION, ETC. (IMPRINT)
Place of publication, distribution, etc Bristol, Pa. :
Name of publisher, distributor, etc Taylor & Francis,
Date of publication, distribution, etc 1996
300 ## - PHYSICAL DESCRIPTION
Extent vii, 234 p. ;
Dimensions 25 cm.
650 #0 - SUBJECT ADDED ENTRY--TOPICAL TERM
Topical term or geographic name as entry element AIDS (Disease)
General subdivision Social aspects.
650 #0 - SUBJECT ADDED ENTRY--TOPICAL TERM
Topical term or geographic name as entry element Bisexuals
General subdivision Diseases.
650 #0 - SUBJECT ADDED ENTRY--TOPICAL TERM
Topical term or geographic name as entry element AIDS (Disease)
General subdivision Epidemiology.
700 1# - ADDED ENTRY--PERSONAL NAME
Personal name Aggleton, Peter.
942 ## - ADDED ENTRY ELEMENTS (KOHA)
Koha item type Books
Holdings
Withdrawn status Lost status Damaged status Home library Current library Date acquired Full call number Barcode Date last seen Price effective from Koha item type
      UMT Main Campus UMT Main Campus 2018-10-27 616.9792 BIS- 125200 2018-10-27 2018-10-27 Books